Pather panchali : a film
Saved in:
| Main Author: | |
|---|---|
| Format: | Book |
| Language: | English Bengali |
| Published: |
Calcutta :
Cine Central,
1984.
|
| Subjects: | |
| Tags: |
Add Tag
No Tags, Be the first to tag this record!
|
MARC
| LEADER | 00000cam a2200000 a 4500 | ||
|---|---|---|---|
| 001 | 1/116936 | ||
| 008 | 180629s1984####ii o ||| |||| ||eng|| | ||
| 040 | |a GR-MyUa |b gre |c GR-MyUa |e AACR2 | ||
| 041 | 1 | |a eng |h ben | |
| 082 | 7 | |a 791.4372 |2 (23) | |
| 100 | 1 | |a Ray, Satyajit, |d 1921-1992. | |
| 245 | 1 | 0 | |a Pather panchali : |b a film / |c by Satyajit Ray. |
| 260 | |a Calcutta : |b Cine Central, |c 1984. | ||
| 300 | |a 174 σ. : |b φωτ. ; |c 22 εκ. | ||
| 500 | |a Screenplay. | ||
| 650 | 0 | |a Motion picture plays | |
| 650 | 0 | |a Motion pictures |z India. | |
| 852 | |a INST |b LESVOS |e 20180629 |h 791.4372 RAY |p 005100060559 |q 005100060559 |t BK |y 0 | ||
| 970 | |a Τζαφέρη |b Ευαγγελία |z 29-06-2018 | ||